000
00275nam a22001097a 4500
082
_a
200/YAD
100
_a
Yadav,Atul
_9
17627
245
_a
social awakening in north india voice of protest
260
_a
Delhi
_b
Nirmal publishing house
_c
2020
650
_a
Religion
942
_c
BK
999
_c
69007
_d
69007